| 000 | 00961nam a2200229 4500 | ||
|---|---|---|---|
| 001 | 78777 | ||
| 003 | BD-RjUL | ||
| 005 | 20211209083154.0 | ||
| 008 | 211114s2015 bg a|||| |||| 00| 0 eng d | ||
| 035 | _a(BD-RjUL)79004 | ||
| 040 |
_aBD-RjUL _beng _cBD-RjUL _dBD-RjUL |
||
| 082 |
_223 _a635.929 _bSUE 2015 |
||
| 100 |
_aSultana, Papia _9249957 |
||
| 245 |
_aEco-friendly Pest control in Vegetable fields using Botanicals from Jute (Corchorus Capsularies) / _cby Papia Sultana ; _6Supervisor: Md. Abul Kalam Azad ; Co-supervisor: Md. Jahangir Alam |
||
| 260 |
_aRajshahi: _bInstitute of Environmental Science, University of Rajshahi, _c2015 |
||
| 300 |
_a[4], xiii, 148 leaves: _bIll. ; _c29 cm. |
||
| 502 | _aThesis (Ph. D.) -- Institute of Environmental Science, University of Rajshahi, 2015 | ||
| 650 |
_aPests _xControl _9249960 |
||
| 700 |
_aAzad, Md. Abul Kalam, Supervisor _9249958 |
||
| 700 |
_aAlam, Md. Jahangir, Co-supervisor _9249959 |
||
| 942 |
_2ddc _cTHE |
||
| 999 |
_c78777 _d78777 |
||